La época de prosperidad de los germanos /

Guardado en:
Formato: Deslizar
Series:Huellas del Pasado
Materias:
Etiquetas: Agregar Etiqueta
Sin Etiquetas, Sea el primero en etiquetar este registro!
LEADER 01041ngm a22002895g 4500
001 CEM.cems021659
008 130507b1992##################0###0#####d
005 20240903143021.0
245 0 0 |a La época de prosperidad de los germanos / 
300 |a 28 
490 0 |a Huellas del Pasado 
500 |a En soporte VHS, consultar en ventanilla. 
505 0 |a Origen de los pueblos germanos: francos, anglosajones y vikingos. Ubicación geográfica. Descripción de objetos: armas, grabados, joyas, etc. Cristianización. Clanes y familias. Cronología de hechos importantes. 
538 |a Soporte: VHS - Norma: Pal N - Color - Grabación DRD 1992 - Hitachi=3488 
082 5 7 |/ MUN 
653 |a EUROPA-HISTORIA 
653 |a EUROPA 
653 |a ANTROPOLOGIA 
653 |a GERMANOS 
653 |a VIKINGOS 
653 |a FRANCOS 
653 |a ANGLOSAJONES 
653 |a SOCIOLOGIA 
653 |a HISTORIA ANTIGUA 
653 |a CULTURAS 
653 |a NIVEL SECUNDARIO 
859 |a CEMS  |b BIB. CEMS - Depto. Recursos Didacticos  |h 572  |i MUN  |k DRD  |p 302.12  |t Ej.1